000 00562nam a2200169Ia 4500
003 GCL
008 140319s9999 xx 000 0 ara d
040 _aGCL /
_cGCL
082 0 4 _a250.9
_bم ت
100 1 _aمحمد يوسف موسى
245 1 0 _aالتشريع الاسلامى واثرة فى الفقة العربى /
_cمحمد يوسف موسى
490 _aالمكتبة الثقافية
_v0
650 0 4 _aالشريعة الاسلامية
650 0 4 _aالتشريع
650 0 4 _aالشريعة الاسلامية - تاريخ
942 _2ddc
_cBK
999 _c40701
_d40701